Missing Word: Five Letter Movies A-Z Quiz Stats

 Plays Quiz Updated Apr 10, 2015

Challenge
Share
Tweet
Embed
Score 0/24 Timer 03:00
1 Play Today
Hint Answer % Correct
E.T. The ____-Terrestrial (1982)Extra
98.3%
The Silence of the ____ (1991)Lambs
98%
12 ____ a Slave (2013)Years
95.7%
The ____ Mile (1999)Green
95%
Full ____ Jacket (1987)Metal
94.9%
To ____ a Thief (1955)Catch
94.1%
The ____ Speech (2010)King's
93.7%
A Streetcar ____ Desire (1951)Named
93.7%
The Grapes of ____ (1940)Wrath
92.8%
____ Maguire (1996)Jerry
92.5%
All ____ Eve (1950)About
91.9%
The ____ Suspects (1995)Usual
91.2%
Hint Answer % Correct
____ Club (1999)Fight
90.2%
The African ____ (1951)Queen
88%
Lock, ____ and Two Smoking Barrels (1998)Stock
87.9%
A Night at the ____ (1935)Opera
77.8%
____ Holiday (1953)Roman
72.3%
Jackie ____ (1997)Brown
65.5%
____ the Greek (1964)Zorba
65.4%
My Own Private ____ (1991)Idaho
49.6%
Shadow of a ____ (1943)Doubt
47%
____ of Glory (1957)Paths
41.8%
____ Moving Castle (2004)Howl's
30.6%
The ____ Man (1949)Third
23.3%

Today's Daily Dose

You're not logged in!

Compare scores with friends on all Sporcle quizzes.
Join for Free
OR
Log In

You Might Also Like...

Show Comments

Extras

Top Quizzes Today


Score Distribution

Your Account Isn't Verified!

In order to create a playlist on Sporcle, you need to verify the email address you used during registration. Go to your Sporcle Settings to finish the process.

Report this User

Report this user for behavior that violates our Community Guidelines.

Details: